000 00923nam a2200217Ia 4500
003 OSt
005 20251023154125.0
008 220922b |||||||| |||| 00| 0 hin d
020 _a9788126712571 (hbk)
037 _cTB
040 _aARTS
_cARTS
_bhin
041 _2hin
_ahin
100 _aशर्मा, रामविलास
_9159721
245 0 _aभारतेन्दु - युग और हिन्दी भाषा की विकास - परम्परा/
246 _aBhāratendu - yug aur hindī bhāṣhā kī vikās - paramparā
260 _aनयी दिल्ली:
_bराजकमल प्रकाशन,
_c1975.
300 _a352पृ.
_ccm.
650 _aहिन्दी साहित्य
_9156264
942 _hO152vM8, J1;L5
_cTB
_2CC
_n0
999 _c296969
_d296969